Géographie par lettre - D - Statistiques

Statistiques générales
  • Ce quiz a été pris 223 fois
  • Le résultat moyen est 12 sur 20
Statistiques - réponses
Questions Réponses % Correct
Quelle ville française est réputé pour sa moutarde ? Dijon
100%
Quel pays européen possède l'immense région du Groenland ? Danemark
99%
Quelle ville est la plus peuplée des Emirats Arabes Unis ? Dubaï
85%
Quelle ville du Texas a donné son nom à une série des années 1980 ? Dallas
78%
Quel département français a pour préfecture Valence ? Drome
77%
Quel pays et ville africaine est bordé par la Mer Rouge ? Djibouti
76%
Quelle ville est la capitale du Qatar ? Doha
75%
Quelle ville au Nord-Est de celle ci-dessus est connu pour son club de foot ? Dortmund
68%
Quelle ville, perchée à 1600m d'altitude, est la capitale du Colorado ? Denver
66%
Quel département porte le numéro 25 ? Doubs
62%
Quelle île des Antilles est également un prénom épicène ? Dominique
60%
Quelle forme de sommet de volcans a donné son nom au département 63 ? Dôme
56%
Quelle ville anglais est la plus proche de la ville de Calais ? Douvres
55%
Quelle ville allemande est la capitale du land de Rhénanie-du-Nord-Westphalie ? Dusseldorf
51%
Quelle ville écossaise est la quatrième par la population ? Dundee
35%
Quelle ville est la capitale du Soudan du Sud ? Djouba
34%
Quelle grande ville saoudienne se situe au bord de la Mer Rouge ? Djeddah
31%
Quel sommet est le plus haut du continent Nord-Américain ? Denali
29%
Quelle ville du Sud était l'ancienne préfecture du Var ? Draguignan
29%
Quelle ville australienne est la capitale des Territoires du Nord ? Darwin
26%
Aucun quiz correspondant
Distribution des résultats
% des personnes avec chaque résultat
Percentile par nombre de réponses
Votre historique - résultats
Vous n’avez pas pris ce quiz